[Event "Nittenau-ch 10th"]
[Site "Nittenau"]
[Date "2010.09.19"]
[Round "4"]
[White "Weigert, Wilhelm"]
[Black "Hermann, Sebastian"]
[Result "0-1"]
[WhiteElo "1857"]
[BlackElo "1946"]
[PlyCount "82"]
[EventDate "2010.09.17"]
[EventType "swiss"]
[EventRounds "5"]
[EventCountry "GER"]
[SourceTitle "EXT 2022"]
[Source "ChessBase"]
[SourceDate "2021.10.06"]
[SourceVersion "1"]
[SourceVersionDate "2021.10.06"]
[SourceQuality "1"]

1. c4 e6 2. g3 d5 3. Bg2 Nf6 4. Nf3 Be7 5. 0-0 0-0 6. d4 c6 7. b3 Nbd7 8. Bb2 Ne4 9. Qc2 f5 10. Nc3 Ndf6 11. Nd2 Nxd2 12. Qxd2 Bd7 13. a3 Be8 14. cxd5 exd5 15. e3 Ne4 16. Qe2 Bd6 17. Rac1 Qg5 18. b4 Bh5 19. Qd3 a6 20. f4 Qh6 21. Nxe4 fxe4 22. Qd2 Bg4 23. a4 Rf6 24. Rf2 Qh5 25. Bf1 Rg6 26. b5 axb5 27. axb5 Bf3 28. Bg2 Bxg2 29. Rxg2 cxb5 30. Qc2 Qf5 31. Bc3 b4 32. Be1 Ra3 33. Rb1 Qd7 34. Bxb4 Bxb4 35. Rxb4 Rxe3 36. Qb2 Qg4 37. Qc1 Rd3 38. Rb1 Rc6 39. Rc2 Rxg3+ 40. hxg3 Qxg3+ 41. Kf1 Qd3+ 0-1